仙台市営地下鉄全駅 - Statistics

General Stats
  • This quiz has been taken 13 times
  • The average score is 20 of 30
Answer Stats
ナンバリング 駅名 % Correct
N10 仙台
100%
東西線-T01 八木山動物公園
100%
T07 仙台
100%
N06 北仙台
92%
N15 長町
92%
T12 六丁の目
92%
N16 長町南
83%
T13 荒井
83%
南北線-N01 泉中央
75%
T04 国際センター
75%
T06 青葉通一番町
75%
N08 勾当台公園
67%
N09 広瀬通
67%
N12 愛宕橋
67%
N17 富沢
67%
T09 連坊
67%
N02 八乙女
58%
N11 五橋
58%
N14 長町一丁目
58%
T02 青葉山
58%
T03 川内
58%
T08 宮城野通
58%
N03 黒松
50%
N04 旭ヶ丘
50%
N05 台原
50%
N07 北四番丁
50%
T05 大町西公園
50%
T11 卸町
50%
N13 河原町
42%
T10 薬師堂
42%
No matching quizzes found
Score Distribution
Percent of People with Each Score
Percentile by Number Answered
Your Score History
You have not taken this quiz